UBT Library

Management accounting / (Record no. 1363)

000 -LEADER
fixed length control field 00636nam a22002297a 4500
008 - FIXED-LENGTH DATA ELEMENTS--GENERAL INFORMATION
fixed length control field 151117b xxu||||| |||| 00| 0 eng d
020 ## - INTERNATIONAL STANDARD BOOK NUMBER
International Standard Book Number 9780136005315
020 ## - INTERNATIONAL STANDARD BOOK NUMBER
International Standard Book Number 0136005314
041 0# - LANGUAGE CODE
Language code of text/sound track or separate title eng
080 ## - UNIVERSAL DECIMAL CLASSIFICATION NUMBER
Universal Decimal Classification number 658.15
245 #0 - TITLE STATEMENT
Title Management accounting /
Statement of responsibility, etc Anthony A. Atkinson; Robert S. Kaplan; Ella Mae Matsumura;
250 ## -
-- 5th. ed.
260 ## -
-- New Jersey:
-- Pearson;
-- 2007.
300 ## -
-- 656 f.:
-- me il.;
-- 24 cm.
650 #0 -
-- Kontabilitet
650 #0 -
-- Menaxherial
700 1# -
-- Anthony A. Atkinson;
700 1# -
-- Robert S. Kaplan;
700 1# -
-- Ella Mae Matsumura;
700 1# -
-- S. Mark Young;
942 ## - ADDED ENTRY ELEMENTS (KOHA)
Source of classification or shelving scheme
Item type Books
Holdings
Withdrawn status Lost status Source of classification or shelving scheme Damaged status Not for loan Collection code Permanent location Current location Shelving location Date acquired Total Checkouts Full call number Barcode Date last seen Koha item type
          Koleksioni i përgjithshem UBT - Lipjan UBT - Lipjan Koleksioni i përgjithshem 11/17/2015   658.15 ATK 002-008677 11/17/2015 Books
UBT Library © 2015-2024. All rights reserved University Education for Business and Technology